<?xml version="1.0" encoding="UTF-8"?><marc:collection xmlns:marc="http://www.loc.gov/MARC21/slim">
  <marc:record>
    <marc:leader>00000nam##2200000za#4500</marc:leader>
    <marc:controlfield tag="001">9.643621</marc:controlfield>
    <marc:controlfield tag="003">CaOODSP</marc:controlfield>
    <marc:controlfield tag="005">20210624224243</marc:controlfield>
    <marc:controlfield tag="007">cr |||||||||||</marc:controlfield>
    <marc:controlfield tag="008">150407|1996||||xxc|||||o    f|0| 0 fre|d</marc:controlfield>
    <marc:datafield tag="020" ind1=" " ind2=" ">
      <marc:subfield code="a">978-0-660-97495-8</marc:subfield>
    </marc:datafield>
    <marc:datafield tag="040" ind1=" " ind2=" ">
      <marc:subfield code="a">CaOODSP</marc:subfield>
      <marc:subfield code="b">fre</marc:subfield>
    </marc:datafield>
    <marc:datafield tag="043" ind1=" " ind2=" ">
      <marc:subfield code="a">n-cn---</marc:subfield>
    </marc:datafield>
    <marc:datafield tag="086" ind1="1" ind2=" ">
      <marc:subfield code="a">CP32-63/1995F-PDF</marc:subfield>
    </marc:datafield>
    <marc:datafield tag="110" ind1="1" ind2=" ">
      <marc:subfield code="a">Canada.</marc:subfield>
      <marc:subfield code="b">Conseil privé.</marc:subfield>
    </marc:datafield>
    <marc:datafield tag="245" ind1="1" ind2="3">
      <marc:subfield code="a">La modification de la constitution du Canada : </marc:subfield>
      <marc:subfield code="h">[ressource électronique]</marc:subfield>
      <marc:subfield code="b">historique, processus, problèmes et perspectives d'avenir / </marc:subfield>
      <marc:subfield code="c">par James Ross Hurley. </marc:subfield>
    </marc:datafield>
    <marc:datafield tag="260" ind1=" " ind2=" ">
      <marc:subfield code="a">Ottawa - Ontario : </marc:subfield>
      <marc:subfield code="b">Conseil privé </marc:subfield>
      <marc:subfield code="c">c1996.</marc:subfield>
    </marc:datafield>
    <marc:datafield tag="300" ind1=" " ind2=" ">
      <marc:subfield code="a">341p.</marc:subfield>
      <marc:subfield code="b">graphiques, tableaux</marc:subfield>
    </marc:datafield>
    <marc:datafield tag="500" ind1=" " ind2=" ">
      <marc:subfield code="a">Sommaire: Avant-propos.--Introduction.--Constitutions et modifications constitutionnelles.--Évolution de la constitution du Canada de 1867 à 1982.--La recherche d'une formule de modification: de 1926 à 1982.--La formule de modification adoptée en 1982.--Modifications proclamées depuis 1982.--Modification de la constitution: tentatives infructueuses depuis 1982.--De la ratification à la proclamation d'une modification: les mécanismes.--Rôle du fédéralisme exécutif, participation populaire et autres questions d'exécution.--Conclusion.--Addenda.--Annexes.--Bibliographie. Données de catalogage avant publication (Canada) imprimées dans cette publication.</marc:subfield>
    </marc:datafield>
    <marc:datafield tag="500" ind1=" " ind2=" ">
      <marc:subfield code="a">«Numérisé par Éditions et Services de dépôt, Travaux publics et Services gouvernementaux Canada - 2014»</marc:subfield>
    </marc:datafield>
    <marc:datafield tag="504" ind1=" " ind2=" ">
      <marc:subfield code="a">Bibliographie.</marc:subfield>
    </marc:datafield>
    <marc:datafield tag="520" ind1="3" ind2=" ">
      <marc:subfield code="a">Complète, détaillée et bien documentée, la publication La modification de la Constitution du Canada: Historique, processus, problèmes et perspectives" met l'accent sur la façon dont la Constitution canadienne est modifiée, examinant le droit et le processus afférents. Elle passe en revue toutes les modifications apportées à la Constitution depuis le 1er juillet 1867, s'arrêtant aux grands jalons de l'histoire constitutionnelle tels que le rapatriement de la Constitution en 1982 et les accords du lac Meech et de Charlottetown. L'auteur nous amène à mieux comprendre l'expérience constitutionnelle du Canada en la comparant à celles d'autres fédérations, comme les États-Unis, l'Australie et la Suisse. Cet outil de référence précieux renferme bon nombre de lettres et de documents rares ou récemment déclassifiés relatant l'histoire de la Constitution canadienne. Il contient également des lettres que se sont échangées Pierre Trudeau et René Levesque en 1981 et en 1982 sur la question d'un veto pour le Québec.</marc:subfield>
    </marc:datafield>
    <marc:datafield tag="590" ind1=" " ind2=" ">
      <marc:subfield code="a">14-18-Supp</marc:subfield>
      <marc:subfield code="b">2014-10-15</marc:subfield>
    </marc:datafield>
    <marc:datafield tag="691" ind1="0" ind2="7">
      <marc:subfield code="a">Constitution</marc:subfield>
      <marc:subfield code="2">gcpds</marc:subfield>
    </marc:datafield>
    <marc:datafield tag="775" ind1="0" ind2="8">
      <marc:subfield code="t">Amending Canada's constitution : </marc:subfield>
      <marc:subfield code="w">(CaOODSP)9.699645</marc:subfield>
    </marc:datafield>
    <marc:datafield tag="776" ind1="0" ind2="#">
      <marc:subfield code="t">La modification de la constitution du Canada : </marc:subfield>
      <marc:subfield code="w">(CaOODSP)9.679640</marc:subfield>
    </marc:datafield>
    <marc:datafield tag="856" ind1="4" ind2="0">
      <marc:subfield code="a">http://publications.gc.ca</marc:subfield>
      <marc:subfield code="q">PDF</marc:subfield>
      <marc:subfield code="s">9.21 Mo</marc:subfield>
      <marc:subfield code="u">https://publications.gc.ca/collections/collection_2014/priv/CP32-63-1995-fra.pdf</marc:subfield>
    </marc:datafield>
  </marc:record>
</marc:collection>
